000 00606nam a2200241Ia 4500
003 OSt
005 20240727103822.0
008 210423s2010 xx 000 0 und d
020 _a9788120337954
040 _cAL
041 _aeng
082 _a331
_223
_b CAHL
100 _aPierre Cahuc
_992211
245 _aLabor economics
260 _aNew Delhi
_bPHI Learning Pvt Ltd
_c2010
300 _axxxiii,844
_bPB
365 _b525
_cINR
650 _aEconomics
_992212
650 _aLabour Economics
_992213
700 _aZylberberg, Andre
_9174257
906 _aeconomics ; Labor
942 _2ddc
_cBK
999 _c160946
_d160946